El soldado gentilhombre

Gespeichert in:
Bibliographische Detailangaben
1. Verfasser: Puddu, Raffaele (VerfasserIn)
Format: Buch
Sprache:Spanisch
Veröffentlicht: Barcelona, España Argos 1984
Schlagworte:
Tags: Tag hinzufügen
Keine Tags, Fügen Sie den ersten Tag hinzu!

MARC

LEADER 00000nam a2200000 a 4500
001 UCO2220
003 CL-VaPUC
005 20210521001547.0
008 000602e19840000SP |||||||||||||||||spa|d
999 |c 288759  |d 288757 
020 |a 8471788810 
040 |c Pontificia Universidad Católica de Valparaíso 
082 0 4 |a 946.04 PUD 1984  |2 21 
100 0 |a Puddu, Raffaele  |e author  |9 445174 
245 1 3 |a El soldado gentilhombre 
260 |a Barcelona, España  |b Argos  |c 1984 
300 |a 283 páginas 
583 |a last modification  |c 20000602 00:00:00  |k Rodrigo Vera 
650 0 |a Historia de España  |y SIGLOS 16-17  |9 315435 
650 7 |a IDELOGIA MILITAR  |2 CL-VaPUC  |9 445175  |z ESPAÑA 
650 7 |a MILITARISMO  |2 CL-VaPUC  |9 321522  |z CASTILLA  |z ESPAÑA 
852 |a BIBCUR 
942 |c BK  |2 ddc 
945 |d 20000602 00:00:00  |a rherrera 
952 |0 0  |1 0  |2 ddc  |4 0  |6 946_040000000000000_PUD_1984  |7 0  |8 A  |9 336675  |a BIBHIS  |b BIBHIS  |d 2019-11-20  |i 1283677  |o 946.04 PUD 1984  |p 1283677  |r 2025-01-20  |t 1  |w 2019-11-20  |y BK  |k HIS